[Event "IECG QN.2004.0.00314 email"]
[Site "IECG email"]
[Date "2004.03.09"]
[Round "?"]
[White "Heiser, Jerome"]
[Black "Jackson, Mark"]
[Result "1-0"]
[WhiteElo "920"]
[BlackElo "800"]
[PlyCount "37"]
[EventDate "2004.03.09"]
[EventType "tourn (corr)"]
[EventRounds "6"]
[SourceTitle "Corr 2008"]
[Source "ChessBase"]
[SourceDate "2008.06.24"]
[SourceVersion "1"]
[SourceVersionDate "2008.06.24"]
[SourceQuality "1"]

1. e4 e5 2. Nf3 Nc6 3. d4 exd4 4. Nxd4 Nxd4 5. Qxd4 b6 6. Bc4 Bb7 7. Nc3 Nf6 8. Bg5 Be7 9. 0-0-0 d6 10. e5 Nh5 11. Bxe7 Qxe7 12. Qg4 g6 13. exd6 Nf6 14. Rhe1 Nxg4 15. Rxe7+ Kd8 16. Rxf7 cxd6 17. Rxb7 Ne5 18. Rxd6+ Kc8 19. Ba6 1-0

[Event "IECG QF.2003.0.00049"]
[Site "IECG email"]
[Date "2003.11.29"]
[Round "1"]
[White "Jackson, Mark"]
[Black "Michos, Dionyssios"]
[Result "0-1"]
[WhiteElo "800"]
[BlackElo "1046"]
[PlyCount "66"]
[EventDate "2003.12.10"]
[EventType "tourn (corr)"]
[EventRounds "6"]
[SourceTitle "Corr 2008"]
[Source "ChessBase"]
[SourceDate "2008.06.24"]
[SourceVersion "1"]
[SourceVersionDate "2008.06.24"]
[SourceQuality "1"]

1. e4 e5 2. Nf3 Nc6 3. Bc4 Bc5 4. 0-0 Nf6 5. Nc3 d6 6. d3 Na5 7. Bb3 Nxb3 8. axb3 0-0 9. Be3 Bxe3 10. fxe3 Be6 11. Qe1 c6 12. Qh4 Ng4 13. Qxd8 Rfxd8 14. Nd1 f6 15. h3 Nh6 16. g4 Nf7 17. Nc3 h5 18. gxh5 Bxh3 19. Rf2 Bg4 20. Nh4 Bxh5 21. Rf5 Bg4 22. Rf2 Ng5 23. Rg2 Bh3 24. Rg3 Kf7 25. Ng2 Rh8 26. Kf2 Be6 27. Rf1 Ke7 28. d4 b5 29. d5 b4 30. dxe6 bxc3 31. Ke2 cxb2 32. Kd3 Rh2 33. Ne1 b1Q 0-1

[Event "IECG QF.2003.0.00049"]
[Site "IECG email"]
[Date "2003.11.29"]
[Round "2"]
[White "Michos, Dionyssios"]
[Black "Jackson, Mark"]
[Result "1-0"]
[WhiteElo "1046"]
[BlackElo "800"]
[PlyCount "73"]
[EventDate "2003.12.10"]
[EventType "tourn (corr)"]
[EventRounds "6"]
[SourceTitle "Corr 2008"]
[Source "ChessBase"]
[SourceDate "2008.06.24"]
[SourceVersion "1"]
[SourceVersionDate "2008.06.24"]
[SourceQuality "1"]

1. d4 d5 2. c4 c6 3. Nf3 Nf6 4. Nc3 Bf5 5. Qb3 Qb6 6. Qxb6 axb6 7. cxd5 cxd5 8. e3 e6 9. Bb5+ Nc6 10. Ne5 Rc8 11. Na4 Bd6 12. Nxb6 Rc7 13. 0-0 0-0 14. Bxc6 bxc6 15. b3 Bxe5 16. dxe5 Nd7 17. Nxd7 Rxd7 18. Ba3 Rc8 19. Bc5 Rb7 20. b4 h6 21. Rfc1 Ra8 22. Rc3 g5 23. a4 Kg7 24. a5 f6 25. a6 Rb5 26. exf6+ Kxf6 27. Bd4+ Kg6 28. Ra4 e5 29. Rxc6+ Kh5 30. Bxe5 d4 31. Bxd4 Bd7 32. Rd6 Be8 33. a7 Rb7 34. Raa6 Rxb4 35. Rxh6+ Kg4 36. f3+ Kf5 37. Rhf6# 1-0

[Event "IECG QN.2003.0.00285 email "]
[Site "IECG email"]
[Date "2003.08.02"]
[Round "?"]
[White "Jackson, Mark"]
[Black "Venturas, Bob"]
[Result "1-0"]
[WhiteElo "800"]
[BlackElo "628"]
[PlyCount "75"]
[EventDate "2003.08.02"]
[EventType "tourn (corr)"]
[EventRounds "6"]
[SourceTitle "Corr 2008"]
[Source "ChessBase"]
[SourceDate "2008.06.24"]
[SourceVersion "1"]
[SourceVersionDate "2008.06.24"]
[SourceQuality "1"]

1. e4 e5 2. Nf3 Nc6 3. Bc4 Nf6 4. Nc3 Bb4 5. d3 h6 6. Bd2 d6 7. h3 a6 8. a3 Bc5 9. Be3 Bxe3 10. fxe3 Qe7 11. 0-0 g5 12. Qe1 Be6 13. Nd5 Bxd5 14. exd5 Nd8 15. Qf2 c6 16. dxc6 Nxc6 17. d4 Ne4 18. Qe1 0-0 19. Bd3 f5 20. d5 Nd8 21. Bxe4 fxe4 22. Nd2 Nf7 23. Nxe4 Rac8 24. Qe2 Nh8 25. c3 Rf7 26. Qh5 Rh7 27. Nf6+ Kg7 28. Nxh7 Ng6 29. Nf6 Rf8 30. Ng4 Rh8 31. Rf6 Qxf6 32. Nxf6 Kxf6 33. Rf1+ Kg7 34. Qg4 Rf8 35. Rxf8 Nxf8 36. h4 Kg6 37. hxg5 hxg5 38. Qc8 1-0

[Event "IECG QN.2003.0.00285 email "]
[Site "IECG email"]
[Date "2003.08.02"]
[Round "?"]
[White "Jackson, Mark"]
[Black "Wood, Brian B"]
[Result "1-0"]
[WhiteElo "800"]
[BlackElo "967"]
[PlyCount "83"]
[EventDate "2003.08.02"]
[EventType "tourn (corr)"]
[EventRounds "6"]
[SourceTitle "Corr 2008"]
[Source "ChessBase"]
[SourceDate "2008.06.24"]
[SourceVersion "1"]
[SourceVersionDate "2008.06.24"]
[SourceQuality "1"]

1. e4 c5 2. Bc4 e6 3. Nc3 Nc6 4. Nf3 Be7 5. 0-0 d5 6. exd5 exd5 7. Bxd5 Nf6 8. Bxc6+ bxc6 9. h3 0-0 10. d3 Nd5 11. Bd2 Bf6 12. Nxd5 cxd5 13. Rb1 a5 14. Re1 Bf5 15. Re2 Rb8 16. b3 Ra8 17. a4 Rb8 18. Qe1 Ra8 19. Bf4 Qb6 20. Ne5 Be6 21. Kh1 Rfe8 22. f3 h5 23. Qg3 Rad8 24. Rbe1 Rc8 25. Bg5 Qd8 26. f4 Bxg5 27. fxg5 Qe7 28. Nf3 g6 29. Re5 Qd6 30. R1e2 Rc6 31. Qe1 Qd8 32. d4 c4 33. b4 axb4 34. Qxb4 Rb6 35. Qc5 Rb1+ 36. Re1 Rxe1+ 37. Rxe1 Bf5 38. Rxe8+ Qxe8 39. Qxd5 Qxa4 40. Ne5 Be6 41. Qd8+ Kg7 42. Qf6+ 1-0